Recherches arithmetiques

Αποθηκεύτηκε σε:
Λεπτομέρειες βιβλιογραφικής εγγραφής
Κύριος συγγραφέας: Gauss, Carl Friedrich, 1777-1855
Άλλοι συγγραφείς: Poullet-Delisle, Antoine Charles (Μεταφραστής)
Μορφή: Βιβλίο
Γλώσσα:French
Latin
Δημοσίευση: A Paris : Chez Courcier, 1807
Θέματα:
Ετικέτες: Προσθήκη ετικέτας
Δεν υπάρχουν, Καταχωρήστε ετικέτα πρώτοι!

MARC

LEADER 00000cam a2200000 a 4500
001 1/107832
008 150807s1807####fr | ||| |||| ||fre||
040 |a GR-MyUa  |b gre  |c GR-MyUa  |e AACR2 
041 1 |a fre  |h lat 
082 7 |a 512.7   |2 (23) 
100 1 |a Gauss, Carl Friedrich,   |d 1777-1855. 
245 1 0 |a Recherches arithmetiques /   |c par M. Ch.-Fr. Gauss (de Brunswick) ; traduites par A.-C.-M. Poullet - Delisle.  
260 |a A Paris :   |b Chez Courcier,  |c 1807 
300 |a 503 σ. ;   |c 23 εκ.  
650 0 |a Number theory. 
650 0 |a Forms (Mathematics) 
650 0 |a Cyclotomy. 
700 1 |a Poullet-Delisle, Antoine Charles,  |e trl 
852 |a INST  |b SAMOS  |e 20150807  |h 512.7 GAU  |p 005300042335  |q 005300042335  |t BK  |y 0 
970 |a Γουβάλα  |b Βάσω  |z 07-08-2015